00000000nam##2200000za#4500
0019.574538
003CaOODSP
00520210624184231
007cr |||||||||||
008150406|2006||||xxc|||||o    f|0| 0 eng|d
040 |aCaOODSP|beng
043 |an-cn---
0861 |aTU3-5/06-37E-PDF
1102 |aTransportation Safety Board of Canada.
24510|aLow fuel emergency - Air Canada Jazz Bombardier CL-600-2B19 C-GJZF, Fort St. John, British Columbia, 21 November 2006 |h[electronic resource]
260 |aGatineau - Quebec : |bTransportation Safety Board of Canada |c2007.
300 |a17p.|bfig., glossary
4901 |aAviation investigation report |vA06Q0188
500 |a"The Board authorized the release of this report on 25 October 2007" --p.15.
590 |a12-33-Supp|b2012-07-18
77508|tUrgence à cause d'un bas niveau de carburant du Bombardier CL-600-2B19 C-GJZF, exploité par Air Canada Jazz à Fort St. John (Colombie-Britannique), le 21 novembre 2006 |w(CaOODSP)9.604282
830#0|aAviation investigation report ;|vA06Q0188|w(CaOODSP)9.504825
85640|ahttp://publications.gc.ca|qPDF|s293 KB|uhttps://publications.gc.ca/collections/collection_2012/bst-tsb/TU3-5-06-37-eng.pdf|yA06Q0188